Az ügyfélriport, mint értéknövelt szolgáltatás bemutatása és automatizálásának elemzése a DHL Globál Szállítmányozási Kft.-nél

Bibliographic Details
Main Author: Novák Bence
Other Authors: Király Dr. Éva
Format: Thesis
Kulcsszavak:DGF
ügyfélriport
automatizálás
értéknövelt
ügyfélszolgálat
Online Access:http://dolgozattar.uni-bge.hu/4243

MARC

LEADER 00000nta a2200000 i 4500
001 dolg4243
005 20160201101217.0
008 151208suuuu hu om 000 hun d
040 |a BGE Dolgozattár Repozitórium  |b hun 
041 |a hu 
100 1 |a Novák Bence 
245 1 3 |a Az ügyfélriport, mint értéknövelt szolgáltatás bemutatása és automatizálásának elemzése a DHL Globál Szállítmányozási Kft.-nél  |c Novák Bence  |h [elektronikus dokumentum] 
246 1 1 |a Az ügyfélriport, mint értéknövelt szolgáltatás bemutatása és automatizálásának elemzése a DHL Globál Szállítmányozási Kft.-nél 
695 |a DGF 
695 |a ügyfélriport 
695 |a automatizálás 
695 |a értéknövelt 
695 |a ügyfélszolgálat 
700 1 |a Király Dr. Éva  |e ths 
856 4 0 |u http://dolgozattar.uni-bge.hu/4243/1/Nov%C3%A1k%20Bence%20%20szakdolgozat.pdf  |z Dokumentum-elérés